000 01589cam a22002535a 4500
001 149217
008 100204s2009 xxk f 000 0 eng d
020 _a9780470494981
035 _a(Sirsi) u149217
041 0 _aeng
050 0 4 _a690.2
100 1 _aBethlehem, Jelke
245 0 0 _aApplied survey methods
_ba statistical perspective
_h[electronic resource]
260 _a[s.L.]John Wiley & Sons
_c2009
300 _aeBook
505 2 _a1. The Survey Process -- 2. Basic Concepts -- 3. Questionnaire Design -- 4. Single Sampling Designs -- 5. Composite Sampling Designs -- 6. Estimators -- 7. Data Collection -- 8. The Quality of the Results -- 9. The Nonresponse Problem -- 10. Weighting Adjustment -- 11. Online Surveys -- 12. Analysis and Publication -- 13. Statistical Disclosure Control
520 _aThis eBook emphasises the statistical aspects of survey methods and describes the complete survey process, from design to publication. This eBook provides an overview of the theory as well as the practical applications of survey research methods, such as item and unit non-response and the associated treatment. Practicing statisticians, survey methodologists, and graduate students will discover topics not found in any other survey methodology books, including weighting methods, data editing, web surveys and disclosure control.
590 _aKA NTK
650 2 4 _aEBOOK
651 4 _aUnited Kingdom
_y
690 _aBuilding surveying
_96225
856 4 8 _uhttps://www.vlebooks.com/
_zView on VLEbooks. Logins for members only from [email protected]
942 _n0
999 _c110421
_d110421